LEADER 01270nam a2200289 i 4500 001 000000182032 003 CaOOAMICUS 005 20170206000000.0 008 170206s1992 it u000 u ita u 013 $a159966 020 $a88-315-0687-0 040 $aSeMil$bita 100 1 $aAncelet-Hustache, Jeanne.$0(OLS)http://semarc/name/19416 240 10$aMaitre Eckhart et la mystique rhénane.$0(OLS)http://semarc/title/69725 245 10$aMaestro Eckhart e la mistica renana /$cJeanne Ancelet-Hustache. 260 $aMilano :$bPaoline,$c1992. 300 $a199 p. ;$c18 cm. 490 0 $aI tascabili dello spirito ;$v7 600 04$aEckhart : Meister .$0(OLS)http://semarc/subject/8108 650 4$aMistica renana.$0(OLS)http://semarc/subject/5694 830 2$aI tascabili dello spirito ;$v7.$0(OLS)http://semarc/title/9741 850 $aSeMil 852 $aSeMil$W1$xVenegono$y1$m2C I 404$j132736$B132736$CSeMilBibl$Z2$F216380 $81 961 $aOmaggio: Grampa dott. Cesare 996 $6020$a88-315-0687-0$9(OLS)http://semarc/number/274226 996 $6245$aMaestro Eckhart e la mistica renana$9(OLS)http://semarc/title/409066 996 $6260$aMilano :$bPaoline$9(OLS)http://semarc/publisher/29684 LEADER 01178nam a2200277 i 4500 001 000000051455 003 CaOOAMICUS 005 20121105000000.0 008 121105s1932 it u000 u ita u 013 $a22627 040 $aSeMil$bita 100 1 $aCastiglioni, Carlo,$c.$0(OLS)http://semarc/name/9678 245 13$aIl cardinale G. Pozzobonelli /$cCarlo Castiglioni ; prefazione Giovanni Casati. 260 $aMilano :$bGasparini,$c1932. 260 $aMilano :$bA.R.A.,$c1932. 300 $aXV, 208 p., [14] c. di tav. ;$c22 cm. 500 $aDedica autografa dell'Autore. 650 4$aVescovi milanesi.$0(OLS)http://semarc/subject/2844 650 4$aPozzobonelli, Giuseppe .$0(OLS)http://semarc/subject/10594 700 1 $aCasati, Giovanni.$0(OLS)http://semarc/name/1063 850 $aSeMil 852 $aSeMil$W1$xVenegono$y1$m3O III 101$j17610$B17610$CSeMilBibl$Z2$F17611 $81 961 $aOmaggio: Donazione 996 $6245$aIl cardinale G. Pozzobonelli$9(OLS)http://semarc/title/78806 996 $6260$aMilano :$bA.R.A.$9(OLS)http://semarc/publisher/41353 996 $6260$aMilano :$bGasparini$9(OLS)http://semarc/publisher/41354